01350cam a22003614 4500001000700000003000700007005001700014008004100031016003100072017005000103020001500153035002100168035002700189040002900216080002100245100004400266245004400310250003600354260003400390300002500424336002200449337003000471338002400501440004300525500004600568852010500614942002300719956000600742980007300748980007400821980007400895999001900969198430SpMaBN20260608223643.0260608s2001 sp | ||| ||spa 7 abimoBNE200202619532SpMaBN aM 33242-2001bOficina Depósito Legal Madrid a8427027281 a(OCoLC)432950014 a(SpMaBN)bimo0001768957 aSpMaBNbspacSpMaBNerdc a821.134.2-31"19"1 aMoncó Rebollo, Beatrizd1955-924319214aLos demonios de TeresacBeatriz Moncó aPrimera edición: octubre 2021 aMadridbMartínez Rocac2001 a204 páginasc25 cm 2rdacontentatexto 2rdamediaasin mediación 2rdacarrieravolumen 0aColección Novela histórica9191425 aRegistro provisional. DJ-31. Depósito J aES-MaACLcDEPOJjDJ-31hDonación: José Lázaro GarcíaxEncuadernación cartonézEn proceso 2udccMONOGRAFIAn0 a2 aM 33242-2001a84-270-2728-1aSpMaBNbBNALCALAj12/113882cSG_PETANTI aM 33242-2001a84-270-2728-1aSpMaBNbBNALCALAjAHM/548148cSG_PETANTI aM 33242-2001a84-270-2728-1aSpMaBNbBNALCALAjDL/1115317cCONSERVACI c198430d198430